| 000 | 00000nam 2200000zi 4500 |
| 001 | 9.946005 |
| 003 | CaOODSP |
| 005 | 20241210112043 |
| 006 | m o d f |
| 007 | cr |n||||||||| |
| 008 | 241210t19771977onca obi f|0| 0 fre d |
| 040 | |aCaOODSP|bfre|erda|cCaOODSP |
| 043 | |an-cn--- |
| 086 | 1 |aNR24-29/1977F-PDF |
| 245 | 00|aCode canadien de la plomberie 1977. |
| 250 | |aDeuxième édition française 1977. |
| 264 | 1|aOttawa : |bComité associé du Code national du bâtiment, Conseil national de recherches du Canada, |c1977. |
| 264 | 4|c©1977 |
| 300 | |a1 ressource en ligne (ix, 109 pages) : |billustrations + |eannexes (iv, 10 pages) |
| 336 | |atexte|btxt|2rdacontent/fre |
| 337 | |ainformatique|bc|2rdamedia/fre |
| 338 | |aressource en ligne|bcr|2rdacarrier/fre |
| 500 | |aPublié aussi en anglais sous le titre : Canadian Plumbing Code 1977. |
| 500 | |aÉdition numérisée de l’imprimé [par Conseil national de recherches Canada]. |
| 500 | |a« NRCC 15561F. » |
| 504 | |aComprend des références bibliographiques et un index. |
| 650 | 6|aPlomberie|xDroit|zCanada. |
| 650 | 6|aPlomberie|xNormes|zCanada. |
| 710 | 2 |aConseil national de recherches Canada. |bComité associé sur le Code national du bâtiment, |eorganisme de publication. |
| 775 | 08|tCanadian Plumbing Code 1977.|w(CaOODSP)9.946004 |
| 794 | |tCode canadien de la plomberie 1980.|bÉdition 1980|w(CaOODSP)9.946011 |
| 795 | |tLe Code canadien de plomberie 1970.|bÉdition 1970|w(CaOODSP)9.945993 |
| 856 | 40|qPDF|s4.85 Mo|uhttps://publications.gc.ca/collections/collection_2024/cnrc-nrc/NR24-29-1977-fra.pdf|zCode |
| 856 | 40|qPDF|s98 KB|uhttps://publications.gc.ca/collections/collection_2024/cnrc-nrc/NR24-29-1977-1-fra.pdf|zAnnexes |